| 000 | 00641nam a2200217Ia 4500 | ||
|---|---|---|---|
| 003 | GCL | ||
| 008 | 140319s9999 xx 000 0 ara d | ||
| 040 |
_aGCL / _cGCL |
||
| 082 | 0 | 4 |
_a212.5 _bف ر |
| 100 | 1 | _aفاطمة بنت مبارك | |
| 245 | 1 | 0 |
_aرعاية المسنين فى الاسلام: ابو ظبى / _cفاطمة بنت مبارك |
| 260 |
_a[S.N] : _bمنظمة المؤتمر الاسلامى |
||
| 300 | _a473 ص | ||
| 490 | _a | ||
| 650 | 0 | 4 | _aالاسلام |
| 650 | 0 | 4 | _aالخدمة الاجتماعية |
| 650 | 0 | 4 | _aالشيخوخة |
| 650 | 0 | 4 | _aالسن |
| 650 | 0 | 4 | _aالمعمرون |
| 942 |
_2ddc _cBK |
||
| 999 |
_c35948 _d35948 |
||